000 00396nam a2200157Ia 4500
003 GCL
008 140319s9999 xx 000 0 eng d
040 _aGCL /
_cGCL
082 0 4 _a330
_bS E
100 1 _aSTIGLITZ, JOSEPH E.
245 1 0 _aECONOMICS /
_cSTIGLITZ, JOSEPH E.
260 _a[S.N] :
_bW.W.NORTON AND COMPANY ،
_c1993
300 _a1141 PP
650 0 4 _aECONOMICS
942 _2ddc
_cBK
999 _c23120
_d23120